| 000 | 00627nmm a2200193Ia 4500 | ||
|---|---|---|---|
| 008 | 251105s9999||||xx |||||||||||||||||und|| | ||
| 020 | _a9788491161325 | ||
| 041 | _aspa | ||
| 100 | _aEstanyol Casals, Elisenda | ||
| 245 | 0 | _a¿Cómo elaborar un plan de comunicación corporativa? | |
| 264 |
_a[Madrid, España] : _bUniversitat Oberta de Catalunya, _c2017 |
||
| 300 | _a110 páginas | ||
| 650 | _aMedia Studies (Journ., TV, etc) | ||
| 700 | _aEstanyol Casals, Elisenda | ||
| 700 | 1 | _a Garcia Simón, Elvira | |
| 700 | 1 | _a Lalueza Bosch, Ferran | |
| 856 | _uhttps://public.digitaliapublishing.com/a/47337 | ||
| 942 | _cCF | ||
| 999 |
_c65163 _d65163 |
||